Ταξίδι στον Άθω

Αποθηκεύτηκε σε:
Λεπτομέρειες βιβλιογραφικής εγγραφής
Κύριος συγγραφέας: Merrill, Christopher
Μορφή: Βιβλίο
Γλώσσα:Greek
English
Δημοσίευση: Αθήνα : Μεταίχμιο, c2004
Θέματα:
Ετικέτες: Προσθήκη ετικέτας
Δεν υπάρχουν, Καταχωρήστε ετικέτα πρώτοι!

MARC

LEADER 00000nam a2200000 i 4500
001 1/91413
008 080723s2004 gre d
020 |a 960-375-851-5 
035 |l 10099157 
040 |a GR-MY-UA  |b gre  |e aacr 
041 1 |a gre  |h eng 
082 0 |a 914.9565  |2 (22) 
100 1 |a Merrill, Christopher. 
245 1 0 |a Ταξίδι στον Άθω /  |c Κρίστοφερ Μέριλ ; πρόλογος: Αναστάσης Βιστωνίτης ; μετάφραση: Νίκος Κούτρας ; με φωτογραφίες των Fred Boissonnas και Τάκη Τλούπα 
260 |a Αθήνα :   |b Μεταίχμιο,   |c c2004 
300 |a 391 σ.;  |b εικ.;  |c 25 εκ. 
504 |a Βιβλιογραφία: σ. 383-391. 
600 1 0 |a Merrill Christopher  |x Travel  |z Greece  |z Athos. 
651 0 |a Athos (Greece)  |x Description and travel. 
852 |a INST  |b SYROS  |e 20080723  |h 914.9565 MER  |p 005500005620  |q 005500005620  |t BK  |y 0 
901 |a BIBL5-2008-2 
909 |a Ε  |b 140861 
922 |a 5ΕΛΗ  |b 200711  |c ΕΠΕΑΕΚ2/ΤΜΣΠΣ  |d Σ. ΠΑΤΑΚΗΣ 
970 |a ΚΑΓΙΑΒΑ  |b ΕΙΡΗΝΗ  |z 2008/07/23